Most Populated Countries in Africa A-Z - Statistics

General Stats
  • This quiz has been taken 147 times
  • The average score is 15 of 16
Answer Stats
Hint Answer % Correct
A Algeria
98%
E Ethiopia
98%
R Rwanda
98%
U Uganda
98%
Z Zambia
98%
K Kenya
97%
T Tanzania
97%
G Ghana
95%
N Nigeria
95%
S South Africa
95%
D DR Congo
94%
L Libya
93%
M Morocco
93%
C Cameroon
88%
B Burkina Faso
86%
I Ivory Coast
71%
No matching quizzes found
Score Distribution
Percent of People with Each Score
Percentile by Number Answered
Your Score History
You have not taken this quiz